Statistics for Guess the Bulgarian City by It's Photo

Click here to take the quiz!

General Stats

  • This quiz has been taken 104 times
  • The average score is 9 of 30

Answer Stats

Answer% Correct
Sofia
90%
Varna
77%
Burgas
72%
Plovdiv
68%
Ruse
51%
Nesebar
45%
Veliko Tarnovo
35%
Pleven
34%
Shumen
31%
Stara Zagora
31%
Blagoevgrad
30%
Vidin
30%
Haskovo
28%
Silistra
24%
Razgrad
21%
Smolyan
21%
Vratsa
20%
Sliven
18%
Dobrich
17%
Svishtov
15%
Pernik
14%
Kardzhali
13%
Yambol
13%
Gabrovo
11%
Lovech
11%
Asenovgrad
10%
Kyustendil
10%
Pazardzhik
10%
Targovishte
8%
Montana
7%

Score Distribution

Percentile by Number Answered

Percent of People with Each Score

Your Score History

You have not taken this quiz